000
002610000a22000970004500
100
1
_a
Athyal, Saphir
245
1
0
_a
Holistic development in India with a good script and a tape player
300
_a
Núm 57 (1998), Páginas 19-23
773
0
_t
Together
942
_c
ANA
999
_c
57135
_d
57135